000 00784na a2200289 4500
001 17892
003 MIRAKIL
005 20190109120942.0
008 161107b tu 000 0
020 _a975316792X
035 _a17892
041 _atur
082 _aCHP 324.2172
_bG94c 2001
090 _aCHP 324.2172 G94c 2001
100 _aGülcan, Yılmaz
245 _aCumhuriyet Halk Partisi
_b1923-1946
_cYılmaz Gülcan
260 _aİstanbul
_bAlfa
_c2001
300 _a447 s.
_c21 sm.
440 _aAlfa yayınları
_v902
490 _aDizi no
_v035
610 _aCHF
_xTarih
610 _aCHP
_xTarih
_y1923-1946
650 _aSiyasal partiler
_xCHP
_yTarih
651 _aTürkiye
_xSiyaset ve yönetim
_y1923-1946
830 _aCHP Yayınları
942 _2ddc
_cBKS
999 _c12519
_d12519